000
00363nam a2200169 a 4500
008
190521s1995|||| d
100
1
_a
Vinar Oldrich
245
1
0
_a
Léky pro duši
260
_a
Praha
_c
1995
_b
Grada
250
_a
1.vydanie
020
_a
8071691550
_c
0
490
_a
hueber
958
_a
A
300
_a
218s.
041
_a
cze
044
_a
CZ
999
_c
20686
_d
20686